| 000 | 03749cgm a2200769 i 4500 | ||
|---|---|---|---|
| 001 | 991061497313906706 | ||
| 003 | ES-BaIT | ||
| 005 | 20250917102221.0 | ||
| 007 | vd#mvaizs | ||
| 008 | 190115t20182018xxk150 vlzxx c | ||
| 024 | 3 | _a5060291820133 | |
| 040 |
_aES-BaIT _bcat _erda _cES-BaIT |
||
| 080 | _a793.4(086.8) | ||
| 130 |
_aZolushka (Coreografia : Bourne) _9167079 |
||
| 245 | 0 | 0 |
_aMatthew Bourne's Cinderella / _cdirected and choreographed by Matthew Bourne ; music by Prokofiev ; a New Adventures/Illuminations production for BBC. |
| 246 | 3 | 0 | _aCinderella |
| 264 | 1 |
_a[United Kingdom] : _bIlluminations : _bNew Adventures, _c[2018] |
|
| 264 | 4 | _c©2018 | |
| 300 |
_a1 videodisc (150 min) : _bso, color ; _c12 cm |
||
| 336 |
_aimatge en moviment bidimensional _btdi _2rdacontent |
||
| 337 |
_avídeo _bv _2rdamedia |
||
| 338 |
_avideodisc _bvd _2rdacarrier |
||
| 344 |
_adigital _2rdatr |
||
| 344 |
_bòptic _2rdarm |
||
| 344 |
_gestèreo _2rdacpc |
||
| 347 |
_afitxer vídeo _2rdaft |
||
| 347 | _bBlu-ray | ||
| 347 |
_etotes les regions _2rdare |
||
| 500 | _a"As seen on the BBC"--Contenidor | ||
| 500 | _aTítol obtingut de la superfície del disc | ||
| 500 | _aExtres: The making of Cinderella (a new film featuring interviews with cast members Ashley Shaw, Andrew Monaghan, Liam Mower, Michela Meazza, and Matthew Bourne) (approximately 20 min.). | ||
| 508 | _aEscenografia i figurinisme: Lez Brotherston ; il·luminació: Neil Austin ; so: Paul Groothuis ; productors executius: Emma Cahusac (BBC), Robert Noble (New Adventures), John Wyver (Illuminations) ; productor: Lucie Conrad ; director: Ross MacGibbon. | ||
| 511 | 1 | _aAshley Shaw (Cinderella) ; Andrew Monaghan (the pilot) ; Liam Mower (the angel) ; Michela Meazza (the stepmother) ; Alan Vincent (the father) ; Stephanie Billera, Nicole Kabera (the stepsisters) ; Jackson Fisch, Daniel Wright, Stephen Murray (the stepbrothers) ; New Adventures ; New Adventures Orchestra ; Brett Morris, director d'orquestra | |
| 518 | _aEnregistrat en directe al Sadler's Wells Theatre | ||
| 546 | _aSubtítols en anglès només pels extres | ||
| 650 | 7 |
_aDansa clàssica _xCoreografies _956589 |
|
| 650 | 0 |
_aDansa filmada _9166159 |
|
| 700 | 1 |
_aBourne, Matthew _ecoreògraf, _edirector, _eentrevistat _99477 |
|
| 700 | 1 |
_aShaw, Ashley _eballarí, _eentrevistat _9167080 |
|
| 700 | 1 |
_aMonaghan, Andrew _eballarí, _eentrevistat _9167081 |
|
| 700 | 1 |
_aMeazza, Michela _eballarí, _eentrevistat _9167082 |
|
| 700 | 1 |
_aMower, Liam, _d1992- _eballarí, _eentrevistat _9167083 |
|
| 700 | 1 |
_aAlan, Vincent _eballarí _9167084 |
|
| 700 | 1 |
_aBillera, Stephanie _eballarí _9167085 |
|
| 700 | 1 |
_aKabera, Nicole _eballarí _9167086 |
|
| 700 | 1 |
_aFisch, Jackson _eballarí _9167087 |
|
| 700 | 1 |
_aWright, Daniel _eballarí _9167088 |
|
| 700 | 1 |
_aMurray, Stephen _eballarí _9167089 |
|
| 700 |
_aMorris, Brett _edirector d'orquestra _9128554 |
||
| 700 | 1 |
_aBrotherston, Lez _efigurinista _9167090 |
|
| 700 |
_aAustin, Neil _9136790 |
||
| 700 | 1 |
_aGroothuis, Pau _9167091 |
|
| 700 | 1 |
_aCahusac, Emma _eproductor _9167092 |
|
| 700 | 1 |
_aNoble, Robert _eproductor _9167093 |
|
| 700 | 1 |
_aWyver, John _eproductor _9167094 |
|
| 700 | 1 |
_aConrad, Lucie _eproductor _9167095 |
|
| 700 | 1 |
_aMacGibbon, Ross _edirector _930789 |
|
| 700 | 2 |
_iContenidor de (obra): _aProkofiev, Serguei, _d1891-1953. _tZolushka _996170 |
|
| 710 | 2 |
_aNew Adventures Orchestra _einstrumentista _9167096 |
|
| 710 | 2 |
_aNew Adventures (Londres, Anglaterra), _eproductora _9167097 |
|
| 710 |
_aBritish Broadcasting Corporation _eproductora _9103751 |
||
| 710 |
_aIlluminations (Firma) _eproductora _9104329 |
||
| 740 | 0 | _aCinderella (Coreografia : Bourne) | |
| 908 | _aCDMAE | ||
| 940 | _aCDMAE | ||
| 942 |
_2udc _c5 |
||
| 999 |
_c136537 _d136537 |
||